19th Century Literature Match Quiz Stats

Quiz Updated Feb 1, 2015

Challenge
Share
Tweet
Embed
Score 0/30 Timer 03:00
0 Plays Today
% Correct
Holmes
98.3%
Days
98.2%
Misérables
98.1%
Finn
97.8%
South
97.3%
Cristo
97.1%
Heights
96.6%
Eyre
96.4%
Mohicans
96.3%
Fair
96.3%
Whale
96.2%
Expectations
96.1%
Cabin
95.8%
Gray
95.5%
Letter
95.5%
% Correct
Women
94.9%
Karenina
94.6%
Courage
92.9%
Lady
92.5%
Darkness
90.9%
Bovary
89.9%
Black
89.1%
Roy
86.5%
Karamazov
85.6%
Abbey
84.8%
Prometheus
84.3%
Life
84%
Obscure
82.5%
Goriot
79%
Onegin
69.4%

You're not logged in!

Compare scores with friends on all Sporcle quizzes.
Sign Up with Email
OR
Log In

You Might Also Like...

Show Comments

Extras

Top Quizzes Today


Score Distribution

Your Account Isn't Verified!

In order to create a playlist on Sporcle, you need to verify the email address you used during registration. Go to your Sporcle Settings to finish the process.